| 000 | 00683nam a2200253Ia 4500 | ||
|---|---|---|---|
| 003 | OSt | ||
| 005 | 20221007095034.0 | ||
| 006 | a|||||r|||| 00| 0 | ||
| 007 | ta | ||
| 008 | 221006b |||||||| |||| 00| 0 eng d | ||
| 020 | _a8175341358 | ||
| 024 | _a709 | ||
| 037 | _cTextual | ||
| 040 |
_aLCO _cLCO _beng |
||
| 041 |
_2eng _aeng |
||
| 082 | _aZ3,91, K6 | ||
| 100 |
_aStone Julius _9121516 |
||
| 245 | 0 | _aSocial Dimensions of Law and Justice | |
| 260 |
_aDelhi _bUniversal Law Publishing Company India _c1999 |
||
| 300 | _a933 | ||
| 650 |
_aDIMENSIONS OF LAW AND JUSTICE _9700722 |
||
| 942 |
_hZ3,91, K6 _cTEXL |
||
| 999 |
_c1170272 _d1170272 |
||